000 01050nas a2200313 4500
001 BR0305206
003 BR-BrBNA
005 20231205104131.0
007 ta
008 230509b bl.|||p| |||| 00| 00por d
040 _aBR-BrBNA
_bpor
_cBiblioteca Nacional de Agricultura
041 _a(Pt)
072 _aF02
100 1 _aCouto, M.
100 1 _aWagner Júnior, A.
100 1 _aQuezada, A.C.
245 1 _aEfeito de diferentes substratos durante a aclimatização de plantas micropropagadas do porta-enxerto Mirabolano 29C (Prunus cerasifera Ehrh.)em casa de vegetação
650 _aAMEIXA
650 _aPÊSSEGO
650 _aSUBSTRATO DE CULTURA
650 _aACLIMATAÇÃO
650 _aMICROPROPAGAÇÃO
650 _aPORTA ENXERTO
650 _aESTUFA
773 0 _tRevista Brasileira de Agrociência (Brazil)
_xISSN 0104-8996
_g(Apr-Jun 2003), v. 9(2) p. 125-128
_wBR0305206
856 4 0 _uhttp://www.ufpel.tche.br/faem/agrociencia/v9n2/artigo06.htm
909 _a202311
_bLúcia
_c55
_dLúcia Elande
942 _2AGRIS
_n0
_cANA
999 _c176551
_d176551